000 02899cam a2200541Ma 4500
003 PE-LiUPU
005 20250731183343.0
008 140128s2013 sp aoe b 001 e spa d
020 _a8429121234
020 _a9788429121230
035 _a(Sirsi) i9788429121230
040 _aPE-LiUPU
_bspa
_cPE-LiUPU
_erda
049 _aPRUA
082 0 4 _a720.945
_bR83
100 1 _aRowe, Colin.
245 1 3 _aLa arquitectura del siglo XVI en Italia :
_bartistas, mecenas y ciudades /
_cColin Rowe, Leon Satkoski; epílogo : David Rivera; edición : Jorge Sainz.
264 _aBarcelona:
_bReverté,
_c2013.
300 _a361 páginas. :
_bilustraciones. ;
_c24 centímetros.
336 _atext
_2rdacontent
337 _aunmediated
_2rdamedia
338 _avolume
_2rdacarrier
490 1 _aEstudios Universitarios de Arquitectura;
_v23
504 _a\
_aBibliografía: páginas 321-331
504 _a\
_aÍndice: páginas 353-361
505 0 _aContenido: Bramante y Leonardo. -- Bramante y la Roma de Julio II. -- La arquitectura y el papado de León X. -- Autoridad y subversión : Giulio Romano en Roma y Mantua. -- Tipos domésticos : El palazetto y el palazzo en Roma. -- La aparición del arquitecto profesional Sangallo el Joven, Peruzzi y Serlio. -- La Serenísima República (I) Opulencia y retraso. -- La Serenísima República (II) Sansovino y Sanmicheli. -- Entre Francia e Italia : Vignola. -- La arquitectura en la corte. Vasari y Ammannati en la Toscana de los Medici. -- La ciudad.
526 _aP158
526 _aP146
526 _aP17
526 _aP12
526 _aP06
541 _g0020-0001185;
650 1 4 _aArquitectura renacentista
_zItalia
650 2 4 _aArquitectura del Renacimiento
_zHistoria
_ySiglo XVI.
650 2 4 _aArquitectura italiana
_xHistoria
_ySiglo XVI.
700 1 _aRivera, David,
_ecolaborador.
700 1 _aSainz, Jorge,
_eeditor.
700 1 _aSatkowski, Leon.
910 _ajck
_bbpc
_cbpc
_d20160510
910 _ajck
_bncf
_cncf
_d20160926
942 _2ddc
_cBOOK
949 _a720.945 R83
_wDEWEY
_c1
_i72838
_lCCODEBUL1
_mBUL
_r0
_sY
_tBOOK
_u2016-5-12
_xINGENIERIA
_PP06
_0COMPRA
_o.STAFF. Colección General
949 _a720.945 R83
_wDEWEY
_c2
_i74757
_lCCODEBUL1
_mBUL
_p48.89
_r0
_sY
_tBOOK
_u2016-9-26
_xINGENIERIA
_PP06
_0COMPRA
_o.STAFF. Colección Ingenieria y Arquitectura
994 _aC0
_bPEPRU
596 _a1
999 _a720.945 R83
_wDEWEY
_c9355
_i72838
_d9355
_e2022-6-16
_f2021-11-9
_g6
_lCCODEBUL1
_mBUL
_n4
_q1
_r0
_sY
_tBOOK
_u2016-5-12
_xINGENIERIA
_PP06
_0COMPRA
_o.STAFF. Colección General
999 _a720.945 R83
_wDEWEY
_c2
_i74757
_f2021-11-9
_g6
_lCCODEBUL1
_mBUL
_p48.89
_r0
_sY
_tBOOK
_u2016-9-26
_xINGENIERIA
_PP06
_0COMPRA
_o.STAFF. Colección Ingenieria y Arquitectura
980 _81
_gALBERTO SANCHEZ Responsable de Automatización